000 00558nam a22001817a 4500
005 20251108164843.0
008 250721s1986 xx 000 0 ara d
082 1 4 _a814/يحي
100 1 _aحقي، يحيى
245 1 0 _aتراب المسيري /
264 1 _aالقاهرة :
_bالهيئة المصرية العامة للكتاب،
_c1986.
300 _a180ص
490 0 _aسلسلة المقالات الأدبية ؛ 7
650 1 7 _aالمقالات العربية
650 1 7 _aالأدب العربي
942 _2ddc
_cBK
999 _c15938
_d15938